[Event "2. Bundesliga Mitte 2009/2010"]
[Site "Gleisdorf"]
[Date "2009.10.10"]
[Round "1"]
[Board "4"]
[White "Neff, Gregor"]
[Black "Moser, Guenter"]
[Result "0-1"]
[WhiteElo "2157"]
[BlackElo "2327"]
[PlyCount "64"]
[EventDate "2009.10.10"]
[EventType "team"]
[EventRounds "11"]
[EventCountry "AUT"]
[WhiteTeam "Admira Villach"]
[BlackTeam "Union Ansfelden"]

1.d4 f5 2.g3 Nf6 3.Bg2 g6 4.c3 c6 5.Nd2 Bg7 6.Qb3 d5 7.Nh3 Ng4 8.Nf3 e5 9.Nxe5
Nxe5 10.dxe5 Bxe5 11.Bg5 Qa5 12.O-O Nd7 13.c4 d4 14.Bf4 Bf6 15.Bd6 Nc5 16.Qc2
Be6 17.Nf4 Bf7 18.Rab1 Rd8 19.Bxc5 Qxc5 20.Rfc1 Bg5 21.b4 Qe7 22.c5 a6 23.a4 O-O
24.b5 axb5 25.axb5 Bxf4 26.gxf4 Bd5 27.bxc6 bxc6 28.Bxd5+ Rxd5 29.Rb6 Qc7 30.Qa4
Qxf4 31.Qc4 Kg7 32.Rxc6 Re5

[Event "2. Bundesliga Mitte 2009/2010"]
[Site "Gleisdorf"]
[Date "2009.10.10"]
[Round "1"]
[Board "5"]
[White "Hellmayr, Alois"]
[Black "Frank, Dieter"]
[Result "1/2-1/2"]
[WhiteElo "2269"]
[BlackElo "2144"]
[PlyCount "80"]
[EventDate "2009.10.10"]
[EventType "team"]
[EventRounds "11"]
[EventCountry "AUT"]
[WhiteTeam "Union Ansfelden"]
[BlackTeam "Admira Villach"]

1.Nf3 Nf6 2.g3 b6 3.Bg2 Bb7 4.c4 e6 5.O-O Be7 6.b3 O-O 7.Bb2 d6 8.Nc3 Nbd7 9.d4
Ne4 10.Rc1 c5 11.Qc2 Nxc3 12.Bxc3 Qc7 13.Rfd1 Rad8 14.Qb2 Bf6 15.Rd2 Qc8 16.d5
exd5 17.cxd5 Bxc3 18.Qxc3 Nf6 19.Nh4 Rfe8 20.Qc2 Qd7 21.e4 Bc8 22.f3 Qc7 23.Qc3
Bd7 24.g4 h6 25.h3 a5 26.Bf1 Rb8 27.Rg2 Re5 28.a4 g5 29.Nf5 Bxf5 30.gxf5 Nh5
31.Qd2 Kh7 32.Rg4 Nf6 33.Rg2 Nh5 34.Kh2 Qe7 35.Bb5 Rd8 36.Rcg1 f6 37.Rg4 Rf8
38.Qg2 Rf7 39.Bd3 Rg7 40.Bb5 Qc7

[Event "2. Bundesliga Mitte 2009/2010"]
[Site "Gleisdorf"]
[Date "2009.10.10"]
[Round "1"]
[Board "6"]
[White "Hafner, Robert"]
[Black "Humer, Wolfgang"]
[Result "0-1"]
[WhiteElo "2110"]
[BlackElo "2207"]
[PlyCount "122"]
[EventDate "2009.10.10"]
[EventType "team"]
[EventRounds "11"]
[EventCountry "AUT"]
[WhiteTeam "Admira Villach"]
[BlackTeam "Union Ansfelden"]

1.d4 Nf6 2.c4 c5 3.d5 b5 4.cxb5 a6 5.b6 Qxb6 6.Nc3 g6 7.e4 d6 8.Nf3 Bg4 9.Be2
Bxf3 10.Bxf3 Bg7 11.O-O O-O 12.Rb1 Nbd7 13.Be3 Qa5 14.Be2 Rfb8 15.Qc2 Ne8 16.Bg5
Ra7 17.Rfc1 Qd8 18.Be3 Raa8 19.Nd1 Rb7 20.Bd2 Nc7 21.Ne3 Nb5 22.Qd1 Nd4 23.Bf1
a5 24.Bc3 a4 25.Nc2 Nxc2 26.Qxc2 Qb8 27.h3 Raa7 28.Be2 Rb6 29.Bd1 Bh6 30.Bd2
Bxd2 31.Qxd2 Rb4 32.f3 Qb6 33.Kh1 Rb7 34.Rc2 a3 35.b3 c4 36.Rc3 Nc5 37.Qc1 Nd3
38.Qh6 Qd4 39.Rc2 Nf2+ 40.Kh2 Nxd1 41.Rd2 Qe5+ 42.f4 Qxe4 43.Rbxd1 cxb3 44.axb3
Qxf4+ 45.Qxf4 Rxf4 46.Rd3 Rfb4 47.Rb1 Kg7 48.Kg1 a2 49.Ra1 Rxb3 50.Rxb3 Rxb3
51.Rxa2 Rd3 52.Ra5 Rd2 53.Kh2 f5 54.Kg3 g5 55.Kf3 Kf6 56.g3 Rh2 57.Ra8 Rxh3
58.Rf8+ Ke5 59.Re8 f4 60.Rxe7+ Kxd5 61.Kf2 Rxg3

[Event "2. Bundesliga Mitte 2009/2010"]
[Site "Gleisdorf"]
[Date "2009.10.10"]
[Round "1"]
[Board "1"]
[White "Rogic, Davor"]
[Black "Gonda, Laszlo"]
[Result "1-0"]
[WhiteElo "2559"]
[BlackElo "2482"]
[PlyCount "55"]
[EventDate "2009.10.10"]
[EventType "team"]
[EventRounds "11"]
[EventCountry "AUT"]
[WhiteTeam "SV Signum Siebdruck St. Veit/Glan"]
[BlackTeam "ASK St. Valentin"]

1.e4 e5 2.Nf3 Nc6 3.Bb5 a6 4.Ba4 Nf6 5.O-O Be7 6.Re1 b5 7.Bb3 d6 8.c3 O-O 9.h3
Na5 10.Bc2 c5 11.d4 Qc7 12.Nbd2 Re8 13.Nf1 g6 14.b3 Bf8 15.Bg5 Bg7 16.dxe5 dxe5
17.Ne3 Bb7 18.Nd2 Qd6 19.Qe2 h6 20.Bh4 Nh5 21.Red1 Bf6 22.Ndc4 Qc7 23.Bxf6 Nxf6
24.Nd6 Red8 25.Nxb7 Rxd1+ 26.Rxd1 Nxb7 27.Qf3 Kg7 28.Qxf6+

[Event "2. Bundesliga Mitte 2009/2010"]
[Site "Gleisdorf"]
[Date "2009.10.10"]
[Round "1"]
[Board "2"]
[White "Flumbort, Andras"]
[Black "Neubauer, Martin"]
[Result "1/2-1/2"]
[WhiteElo "2513"]
[BlackElo "2465"]
[PlyCount "82"]
[EventDate "2009.10.10"]
[EventType "team"]
[EventRounds "11"]
[EventCountry "AUT"]
[WhiteTeam "ASK St. Valentin"]
[BlackTeam "SV Signum Siebdruck St. Veit/Glan"]

1.d4 Nf6 2.c4 e6 3.Nc3 Bb4 4.Qc2 d5 5.a3 Bxc3+ 6.Qxc3 O-O 7.Nf3 dxc4 8.Qxc4 b6
9.Bg5 Ba6 10.Qc2 c5 11.Rd1 cxd4 12.Nxd4 Nbd7 13.b4 h6 14.Bh4 Rc8 15.Qb2 Qc7
16.b5 Bb7 17.Bg3 e5 18.Nf5 Qc3+ 19.Qxc3 Rxc3 20.f3 Rxa3 21.e4 Rc3 22.Be2 Rc7
23.Bf2 Nc5 24.O-O Bc8 25.Bg3 Bxf5 26.Bxe5 Re7 27.Bd6 Rfe8 28.Bxe7 Rxe7 29.Rd8+
Ne8 30.Ra1 Be6 31.Ra8 Kf8 32.Kf2 Rd7 33.R1xa7 Rxa7 34.Rxa7 Nd6 35.g4 Bd7 36.h4
Bxb5 37.Ra8+ Ke7 38.e5 Nc4 39.Rg8 g6 40.h5 gxh5 41.gxh5 Na3

[Event "2. Bundesliga Mitte 2009/2010"]
[Site "Gleisdorf"]
[Date "2009.10.10"]
[Round "1"]
[Board "3"]
[White "Jurkovic, Hrvoje"]
[Black "Sandhoefner, Florian"]
[Result "1/2-1/2"]
[WhiteElo "2423"]
[BlackElo "2160"]
[PlyCount "64"]
[EventDate "2009.10.10"]
[EventType "team"]
[EventRounds "11"]
[EventCountry "AUT"]
[WhiteTeam "SV Signum Siebdruck St. Veit/Glan"]
[BlackTeam "ASK St. Valentin"]

1.Nf3 d5 2.b3 Nf6 3.Bb2 Bg4 4.e3 e6 5.c4 c6 6.Be2 Bd6 7.O-O Nbd7 8.d4 Qc7 9.h3
Bh5 10.Nbd2 O-O 11.c5 Be7 12.b4 b6 13.Qc2 Bg6 14.Bd3 Bxd3 15.Qxd3 a5 16.a3 Ra7
17.Bc3 axb4 18.axb4 Rfa8 19.Qc2 b5 20.Nb3 Ne4 21.Na5 Nxc3 22.Qxc3 Bf6 23.Ra3 e5
24.Rfa1 e4 25.Nd2 g6 26.Qc2 Bg7 27.Qc1 Bf6 28.Nab3 Rxa3 29.Rxa3 Rxa3 30.Qxa3 Qb7
31.Na5 Qa6 32.Qc3 Bg7

[Event "2. Bundesliga Mitte 2009/2010"]
[Site "Gleisdorf"]
[Date "2009.10.10"]
[Round "1"]
[Board "4"]
[White "Kranzl, Peter"]
[Black "Mazi, Leon"]
[Result "0-1"]
[WhiteElo "2285"]
[BlackElo "2375"]
[PlyCount "94"]
[EventDate "2009.10.10"]
[EventType "team"]
[EventRounds "11"]
[EventCountry "AUT"]
[WhiteTeam "ASK St. Valentin"]
[BlackTeam "SV Signum Siebdruck St. Veit/Glan"]

1.e4 c5 2.c3 Nf6 3.e5 Nd5 4.d4 cxd4 5.Qxd4 e6 6.Nf3 d6 7.Nbd2 Nc6 8.Qe4 dxe5
9.Nxe5 Nxe5 10.Qxe5 Qd6 11.Qxd6 Bxd6 12.g3 Bd7 13.Bg2 Bc6 14.Nc4 Bc7 15.Ne3 Ne7
16.Bxc6+ Nxc6 17.Ke2 f5 18.Rd1 O-O 19.Rd7 Rf7 20.Rxf7 Kxf7 21.b3 Rd8 22.Bb2 g5
23.Rd1 Rxd1 24.Nxd1 g4 25.c4 e5 26.Ne3 Ke6 27.Nd5 Bd6 28.Bc3 a5 29.Kf1 Nb4
30.Nxb4 axb4 31.Bd2 f4 32.gxf4 exf4 33.c5 Bxc5 34.Bxf4 Kf5 35.Bd2 Ke4 36.Ke2 Bd6
37.Be1 h5 38.Bd2 h4 39.h3 gxh3 40.f3+ Kf5 41.Kf1 Bc5 42.Bc1 Ke5 43.Bg5 Kd4
44.Kg1 Kc3+ 45.Kh2 Kb2 46.Kxh3 Kxa2 47.Bxh4 Kxb3

[Event "2. Bundesliga Mitte 2009/2010"]
[Site "Gleisdorf"]
[Date "2009.10.10"]
[Round "1"]
[Board "5"]
[White "Dietmayer-Kraeutler, Marco"]
[Black "Heimberger, Reinhard"]
[Result "1/2-1/2"]
[WhiteElo "2258"]
[BlackElo "2257"]
[PlyCount "63"]
[EventDate "2009.10.10"]
[EventType "team"]
[EventRounds "11"]
[EventCountry "AUT"]
[WhiteTeam "SV Signum Siebdruck St. Veit/Glan"]
[BlackTeam "ASK St. Valentin"]

1.d4 d5 2.c4 e6 3.Nc3 c6 4.Nf3 Nf6 5.Bg5 Nbd7 6.e3 Be7 7.Qc2 O-O 8.cxd5 exd5
9.Bd3 Re8 10.O-O Nf8 11.Rab1 Ng6 12.b4 Ne4 13.Bxe7 Qxe7 14.b5 Bg4 15.Nd2 Nxc3
16.Qxc3 Nh4 17.g3 Nf3+ 18.Nxf3 Bxf3 19.Rfc1 Rec8 20.Bf5 Rc7 21.Qb4 Qf6 22.bxc6
b6 23.Bd3 Rxc6 24.Qa4 Rd6 25.Rc7 a5 26.Rbc1 g6 27.Rc8+ Rxc8 28.Rxc8+ Rd8 29.Rc6
Rd6 30.Rc8+ Rd8 31.Rc6 Rd6 32.Rc8+

[Event "2. Bundesliga Mitte 2009/2010"]
[Site "Gleisdorf"]
[Date "2009.10.10"]
[Round "1"]
[Board "6"]
[White "Petroczi, Thomas"]
[Black "Kuess, Mario"]
[Result "1/2-1/2"]
[WhiteElo "2203"]
[BlackElo "2120"]
[PlyCount "79"]
[EventDate "2009.10.10"]
[EventType "team"]
[EventRounds "11"]
[EventCountry "AUT"]
[WhiteTeam "ASK St. Valentin"]
[BlackTeam "SV Signum Siebdruck St. Veit/Glan"]

1.e4 d5 2.exd5 Nf6 3.d4 Nxd5 4.c4 Nb6 5.Nf3 g6 6.h3 Bg7 7.Nc3 O-O 8.Be2 Nc6
9.Be3 e5 10.d5 Ne7 11.O-O h6 12.Re1 Nf5 13.Bc5 Re8 14.Bf1 Nd6 15.Qb3 Nd7 16.Ba3
b6 17.Rac1 f5 18.Nb5 Nc5 19.Bxc5 bxc5 20.Qa3 e4 21.Nd2 Nxb5 22.cxb5 Qg5 23.Nf3
Qf4 24.Qxc5 Bd7 25.Nh2 Be5 26.g3 Qg5 27.h4 Qf6 28.Bg2 a6 29.bxa6 Rxa6 30.a3 f4
31.Rxe4 fxg3 32.fxg3 Bxg3 33.Rxe8+ Bxe8 34.Qe3 Qe5 35.Qxe5 Bxe5 36.Rb1 Bg3
37.Nf3 Ra4 38.Bh3 Bb5 39.Kg2 Bf4 40.Kf2

[Event "2. Bundesliga Mitte 2009/2010"]
[Site "Gleisdorf"]
[Date "2009.10.10"]
[Round "1"]
[Board "1"]
[White "Mohr, Georg"]
[Black "Diermair, Andreas"]
[Result "1-0"]
[WhiteElo "2503"]
[BlackElo "2333"]
[PlyCount "65"]
[EventDate "2009.10.10"]
[EventType "team"]
[EventRounds "11"]
[EventCountry "AUT"]
[WhiteTeam "Strassenbahn Graz"]
[BlackTeam "Frauental"]

1.g3 d5 2.Bg2 Nf6 3.d3 c6 4.Nd2 e5 5.e4 Bg4 6.Ngf3 dxe4 7.dxe4 Nbd7 8.O-O Bc5
9.Qe1 O-O 10.Kh1 Bxf3 11.Nxf3 Re8 12.b3 a5 13.Bb2 a4 14.b4 a3 15.Bc3 Bf8 16.Nd2
Nb6 17.Rb1 c5 18.b5 Qe7 19.f4 exf4 20.gxf4 Ra4 21.Ba1 Rb4 22.Rb3 Rxb3 23.cxb3
Nfd5 24.e5 Nb4 25.Ne4 Qd7 26.Qg3 Kh8 27.f5 Qd3 28.Qg4 Nc2 29.Ng5 Nxa1 30.Qh5 h6
31.Nxf7+ Kg8 32.Nxh6+ gxh6 33.Qxe8

[Event "2. Bundesliga Mitte 2009/2010"]
[Site "Gleisdorf"]
[Date "2009.10.10"]
[Round "1"]
[Board "2"]
[White "Cigan, Stefan"]
[Black "Butunoi, Alexandru"]
[Result "1/2-1/2"]
[WhiteElo "2371"]
[BlackElo "2382"]
[PlyCount "111"]
[EventDate "2009.10.10"]
[EventType "team"]
[EventRounds "11"]
[EventCountry "AUT"]
[WhiteTeam "Frauental"]
[BlackTeam "Strassenbahn Graz"]

1.e4 g6 2.d4 Bg7 3.Nc3 c6 4.Nf3 d6 5.h3 Nd7 6.Bc4 d5 7.Bd3 dxe4 8.Nxe4 Ngf6
9.O-O O-O 10.c3 Qc7 11.Re1 Nxe4 12.Rxe4 Nf6 13.Rh4 c5 14.dxc5 Qxc5 15.Be3 Qc7
16.Bf4 Qa5 17.Be5 Be6 18.Ra4 Qc5 19.Qe2 a6 20.Nd4 Bd5 21.c4 Be4 22.Bxf6 Bxd3
23.Qxd3 Bxf6 24.Nf3 Rfd8 25.Qe4 Rab8 26.b4 Qc7 27.Rb1 Rd6 28.c5 Re6 29.Qc2 Rd8
30.b5 axb5 31.Rxb5 Qc6 32.Rb6 Qd5 33.Rxe6 Qxe6 34.Rc4 Qc6 35.a4 Rd5 36.Qe4 Qd7
37.g4 h5 38.Kg2 hxg4 39.hxg4 e6 40.Qf4 Qd8 41.c6 bxc6 42.Rxc6 Kg7 43.Rc7 g5
44.Qc4 Rd6 45.Rb7 Rd5 46.Qc6 Rd6 47.Qc5 Ra6 48.Qb5 Ra5 49.Qc6 Qd5 50.Qxd5 exd5
51.Rb5 Rxa4 52.Kg3 Kg6 53.Rxd5 Re4 54.Rd6 Kg7 55.Rd5 Kg6 56.Rd6

[Event "2. Bundesliga Mitte 2009/2010"]
[Site "Gleisdorf"]
[Date "2009.10.10"]
[Round "1"]
[Board "3"]
[White "Petre, Nad-Titus"]
[Black "Schnider, Gert"]
[Result "1/2-1/2"]
[WhiteElo "2410"]
[BlackElo "2322"]
[PlyCount "158"]
[EventDate "2009.10.10"]
[EventType "team"]
[EventRounds "11"]
[EventCountry "AUT"]
[WhiteTeam "Strassenbahn Graz"]
[BlackTeam "Frauental"]

1.e4 e5 2.Nc3 Nf6 3.g3 d5 4.exd5 Nxd5 5.Bg2 Be6 6.Nge2 Nc6 7.O-O Be7 8.a3 O-O
9.b4 Qd7 10.Bb2 Nxc3 11.Bxc3 Bd5 12.f3 Rfe8 13.d3 Nd4 14.Nxd4 exd4 15.Bxd4 Bxf3
16.Qxf3 Qxd4+ 17.Kh1 Bf6 18.Qxb7 Rab8 19.Rae1 Red8 20.Qc6 Qb6 21.Qf3 Qa6 22.Qg4
Rd6 23.Re4 Qxa3 24.Rc4 a5 25.b5 Rxb5 26.Rxc7 Rb8 27.Qc4 Rf8 28.Bd5 Qb4 29.Bxf7+
Kh8 30.Qxb4 axb4 31.Rb7 Bc3 32.Kg2 g6 33.g4 g5 34.Rf5 Rf6 35.Rxf6 Bxf6 36.Be6
Re8 37.Rb6 Bc3 38.Kf3 Kg7 39.Rb7+ Kf6 40.Bf5 h5 41.Rb6+ Ke5 42.Rb5+ Kf6 43.gxh5
Re5 44.Bd7 g4+ 45.Kxg4 Re2 46.Rf5+ Ke7 47.Ba4 Rxh2 48.Bb3 Bf6 49.Kg3 Rh1 50.Kg2
Rh4 51.Kf3 Bc3 52.Rf7+ Kd6 53.Rf5 Be5 54.Rg5 Bc3 55.Kg3 Be1+ 56.Kf3 Bc3 57.Bf7
Rh2 58.Rg2 Rh4 59.Re2 Rh1 60.Kg2 Rh4 61.Re6+ Kd7 62.Re2 Kd6 63.Bg6 Be5 64.Re4
Rh2+ 65.Kf3 Bc3 66.Re2 Rh4 67.Kg3 Rh1 68.Kf4 Be5+ 69.Rxe5 Rf1+ 70.Ke4 Re1+
71.Kf5 Rxe5+ 72.Kf6 Re2 73.d4 Kd5 74.h6 Kxd4 75.h7 Rh2 76.Kg5 Rxh7 77.Bxh7 Kc3
78.Kf4 b3 79.cxb3 Kxb3

[Event "2. Bundesliga Mitte 2009/2010"]
[Site "Gleisdorf"]
[Date "2009.10.10"]
[Round "1"]
[Board "4"]
[White "Schreiner, Peter"]
[Black "Pesorda, Ivan"]
[Result "0-1"]
[WhiteElo "2254"]
[BlackElo "2256"]
[PlyCount "96"]
[EventDate "2009.10.10"]
[EventType "team"]
[EventRounds "11"]
[EventCountry "AUT"]
[WhiteTeam "Frauental"]
[BlackTeam "Strassenbahn Graz"]

1.e4 c5 2.Nf3 e6 3.d4 cxd4 4.Nxd4 Nf6 5.Nc3 d6 6.Be3 Be7 7.f3 Nc6 8.g4 O-O 9.Qd2
d5 10.g5 Nd7 11.exd5 Nxd4 12.Qxd4 Bxg5 13.O-O-O exd5 14.Nxd5 Nb6 15.Rg1 Bxe3+
16.Nxe3 Qxd4 17.Rxd4 Be6 18.Bd3 Rad8 19.Rxd8 Rxd8 20.Be4 Rd7 21.Rd1 Rxd1+
22.Kxd1 Na4 23.Bxb7 Nxb2+ 24.Kc1 Na4 25.c4 Kf8 26.Kc2 Ke7 27.f4 g6 28.Bc6 Nb6
29.Kc3 Kd6 30.Be4 Kc5 31.Bd3 Na4+ 32.Kb3 Kd4 33.Bf1 Nc5+ 34.Kb4 Nd3+ 35.Bxd3
Kxd3 36.Nd5 Kd4 37.Ne7 Bxc4 38.Nc6+ Kd5 39.Ne5 Bxa2 40.Nxf7 Bb1 41.Ka5 Bd3 42.h4
h5 43.Ne5 Kd4 44.Nc6+ Ke3 45.Nxa7 Kxf4 46.Kb4 Kg4 47.Kc3 Bf5 48.Kd2 Bd7

[Event "2. Bundesliga Mitte 2009/2010"]
[Site "Gleisdorf"]
[Date "2009.10.10"]
[Round "1"]
[Board "5"]
[White "Krebs, Johann"]
[Black "Weber, Christoph"]
[Result "1-0"]
[WhiteElo "2218"]
[BlackElo "2208"]
[PlyCount "43"]
[EventDate "2009.10.10"]
[EventType "team"]
[EventRounds "11"]
[EventCountry "AUT"]
[WhiteTeam "Strassenbahn Graz"]
[BlackTeam "Frauental"]

1.d4 d5 2.c4 Nc6 3.Nc3 Nf6 4.Nf3 Bf5 5.Qa4 Qd7 6.e3 e6 7.cxd5 Nxd5 8.Bb5 Bd6
9.Nxd5 exd5 10.Bd2 Be4 11.Ne5 Bxe5 12.dxe5 Bxg2 13.Rg1 Be4 14.Rxg7 Bg6 15.Rc1
Kf8 16.Bxc6 bxc6 17.e6 Qxe6 18.Rxc6 Qf5 19.Bc3 Bh5 20.Rxc7 Qe6 21.Qb4+ Ke8
22.Rg5

[Event "2. Bundesliga Mitte 2009/2010"]
[Site "Gleisdorf"]
[Date "2009.10.10"]
[Round "1"]
[Board "6"]
[White "Raffalt, Manfred"]
[Black "Steiner, Stefan"]
[Result "0-1"]
[WhiteElo "2136"]
[BlackElo "2230"]
[PlyCount "66"]
[EventDate "2009.10.10"]
[EventType "team"]
[EventRounds "11"]
[EventCountry "AUT"]
[WhiteTeam "Frauental"]
[BlackTeam "Strassenbahn Graz"]

1.d4 Nc6 2.e4 d5 3.e5 f6 4.Bf4 Bf5 5.Nf3 e6 6.a3 Nge7 7.h3 Ng6 8.Bg3 fxe5 9.Nxe5
Ncxe5 10.dxe5 Bc5 11.Nd2 O-O 12.Nb3 Bb6 13.c4 c6 14.Nd4 Qg5 15.Be2 Nf4 16.Bxf4
Qxf4 17.Nf3 dxc4 18.O-O Rad8 19.Qc1 Bd3 20.Bxd3 cxd3 21.Qxf4 Rxf4 22.Ng5 Rf5
23.Nf3 Bd4 24.Nxd4 Rxd4 25.f4 Rfxf4 26.Rxf4 Rxf4 27.Rd1 Rd4 28.Kf2 Rd5 29.Kf3 d2
30.Ke2 Rxe5+ 31.Kxd2 Rd5+ 32.Kc2 Rxd1 33.Kxd1 Kf7

[Event "2. Bundesliga Mitte 2009/2010"]
[Site "Gleisdorf"]
[Date "2009.10.11"]
[Round "2"]
[Board "1"]
[White "Taggatz, Mario"]
[Black "Diermair, Andreas"]
[Result "1/2-1/2"]
[WhiteElo "2330"]
[BlackElo "2333"]
[PlyCount "167"]
[EventDate "2009.10.10"]
[EventType "team"]
[EventRounds "11"]
[EventCountry "AUT"]
[WhiteTeam "Spg. Sauwald"]
[BlackTeam "Frauental"]

1.c4 c6 2.g3 d5 3.Nf3 Nf6 4.Bg2 dxc4 5.O-O Nbd7 6.Qc2 Nb6 7.a4 a5 8.Na3 Qd5
9.Ne1 Qf5 10.e4 Qh5 11.Nxc4 Nxc4 12.Qxc4 e5 13.d4 exd4 14.Nd3 Be6 15.Qxd4 Rd8
16.Qc3 Bd6 17.Bf4 Be7 18.Bc7 Rd7 19.Nf4 Qh6 20.Nxe6 fxe6 21.Qxa5 O-O 22.Bf4 Qg6
23.Qe1 Rfd8 24.Qe2 Rd4 25.Be3 Rb4 26.f3 e5 27.Rfd1 Rxd1+ 28.Qxd1 Rxb2 29.Rb1
Rxb1 30.Qxb1 b5 31.axb5 cxb5 32.Qxb5 Bd6 33.Bf1 Qe8 34.Bc4+ Kf8 35.Qb7 Qe7
36.Qa8+ Qe8 37.Qa6 Qd7 38.Kg2 Ke7 39.Bb6 Bb4 40.Be3 Bd6 41.Ba2 Qc7 42.Qd3 Ke8
43.Qb3 Qd7 44.Qc4 Qc7 45.Qb3 Qe7 46.g4 Nd7 47.Qg8+ Nf8 48.Qd5 Qc7 49.Bc4 h6
50.h4 Qe7 51.Kg3 Nd7 52.g5 hxg5 53.Bxg5 Nf6 54.Bb5+ Kf8 55.Qa8+ Kf7 56.Bc4+ Kg6
57.Qc8 Qd7 58.Qxd7 Nxd7 59.Be6 Nf6 60.Bf5+ Kf7 61.Kf2 Nh5 62.Ke3 Nf4 63.Kd2 g6
64.Bg4 Ne6 65.Bxe6+ Kxe6 66.Kd3 Kd7 67.Kc4 Kc6 68.Bf6 Bc7 69.Kd3 Kd6 70.Ke3 Ke6
71.Bg5 Bb6+ 72.Ke2 Bc5 73.f4 exf4 74.Kf3 Bd6 75.Bxf4 Be7 76.Kg4 Bf6 77.e5 Be7
78.Bg5 Bf8 79.Bf6 Bh6 80.Kf3 Kf5 81.Ke2 Bf4 82.Kf3 Bxe5 83.Bxe5 Kxe5 84.Kg4

[Event "2. Bundesliga Mitte 2009/2010"]
[Site "Gleisdorf"]
[Date "2009.10.11"]
[Round "2"]
[Board "2"]
[White "Cigan, Stefan"]
[Black "Schmidt, Peter"]
[Result "1/2-1/2"]
[WhiteElo "2371"]
[BlackElo "2394"]
[PlyCount "82"]
[EventDate "2009.10.10"]
[EventType "team"]
[EventRounds "11"]
[EventCountry "AUT"]
[WhiteTeam "Frauental"]
[BlackTeam "Spg. Sauwald"]

1.e4 d6 2.d4 Nf6 3.Nc3 g6 4.Bg5 Bg7 5.Qd2 c6 6.f4 O-O 7.O-O-O b5 8.Bd3 b4 9.Nce2
a5 10.Nf3 d5 11.Bxf6 exf6 12.f5 Nd7 13.g4 c5 14.exd5 c4 15.Be4 Re8 16.Ng3 Bb7
17.Rhe1 Nb6 18.d6 Nd5 19.fxg6 hxg6 20.Bxd5 Bxd5 21.Qf4 c3 22.Ne4 g5 23.Qf5 Be6
24.d7 Bxd7 25.Qd5 Bxg4 26.Nd6 Be6 27.Qc6 Re7 28.d5 Rc7 29.Qb6 cxb2+ 30.Kb1 Bd7
31.Nd4 Rb8 32.Qxa5 Ra8 33.Qb6 Rxa2 34.Kxa2 Qa8+ 35.Kxb2 Qa3+ 36.Kb1 Ra7 37.Qxa7
Qxa7 38.Re7 f5 39.N6b5 Qb7 40.Nc6 Bf6 41.Rxf7 b3

[Event "2. Bundesliga Mitte 2009/2010"]
[Site "Gleisdorf"]
[Date "2009.10.11"]
[Round "2"]
[Board "3"]
[White "Testor, Sebastian"]
[Black "Schnider, Gert"]
[Result "1/2-1/2"]
[WhiteElo "2319"]
[BlackElo "2322"]
[PlyCount "60"]
[EventDate "2009.10.10"]
[EventType "team"]
[EventRounds "11"]
[EventCountry "AUT"]
[WhiteTeam "Spg. Sauwald"]
[BlackTeam "Frauental"]

1.d4 Nf6 2.c4 e6 3.Nf3 b6 4.g3 Ba6 5.b3 Bb4+ 6.Bd2 Be7 7.Nc3 Bb7 8.Bg2 O-O 9.d5
exd5 10.Nh4 c6 11.cxd5 cxd5 12.Nf5 Ne4 13.O-O Bf6 14.Rc1 Bc6 15.Be1 Nxc3 16.Bxc3
Bxc3 17.Rxc3 Qf6 18.Nd4 Na6 19.Qd2 Rfe8 20.Rfc1 Nc5 21.Nxc6 dxc6 22.b4 Ne4
23.Bxe4 dxe4 24.Rxc6 e3 25.fxe3 Rad8 26.Qc3 Qg5 27.Rc7 Rxe3 28.Qc4 Re7 29.Rc3
Qe5 30.Rxe7 Qxe7

[Event "2. Bundesliga Mitte 2009/2010"]
[Site "Gleisdorf"]
[Date "2009.10.11"]
[Round "2"]
[Board "4"]
[White "Schreiner, Peter"]
[Black "Hiermann, Dietmar"]
[Result "1/2-1/2"]
[WhiteElo "2254"]
[BlackElo "2297"]
[PlyCount "59"]
[EventDate "2009.10.10"]
[EventType "team"]
[EventRounds "11"]
[EventCountry "AUT"]
[WhiteTeam "Frauental"]
[BlackTeam "Spg. Sauwald"]

1.Nf3 d5 2.g3 c6 3.Bg2 g6 4.d4 Nf6 5.b3 Bg7 6.Bb2 O-O 7.O-O Bg4 8.Nbd2 Nbd7 9.c4
Qa5 10.a3 Rac8 11.b4 Qc7 12.Rc1 Qb8 13.Re1 Bh6 14.e3 Ne4 15.Qb3 Bxf3 16.Nxf3 e6
17.a4 a6 18.Bf1 b5 19.cxb5 cxb5 20.Rxc8 Rxc8 21.Ra1 Nd6 22.axb5 axb5 23.Ne1 Nc4
24.Bg2 Ndb6 25.Nd3 Rc7 26.Nc5 Ra7 27.Rxa7 Qxa7 28.Bc3 Bf8 29.Bf3 Be7 30.Kg2

[Event "2. Bundesliga Mitte 2009/2010"]
[Site "Gleisdorf"]
[Date "2009.10.11"]
[Round "2"]
[Board "5"]
[White "Heyne, Martin"]
[Black "Weber, Christoph"]
[Result "0-1"]
[WhiteElo "2219"]
[BlackElo "2208"]
[PlyCount "62"]
[EventDate "2009.10.10"]
[EventType "team"]
[EventRounds "11"]
[EventCountry "AUT"]
[WhiteTeam "Spg. Sauwald"]
[BlackTeam "Frauental"]

1.d4 Nf6 2.Nf3 e6 3.c4 c5 4.e3 Be7 5.Nc3 cxd4 6.exd4 d6 7.Be2 Nbd7 8.O-O O-O
9.Bg5 b6 10.Rc1 Bb7 11.b4 a6 12.Qb3 Rc8 13.Nd2 Qc7 14.Nd1 h6 15.Bf4 e5 16.dxe5
dxe5 17.Be3 Qc6 18.Nf3 Ne4 19.Nc3 Nxc3 20.Rxc3 f5 21.Rd1 f4 22.b5 Qe6 23.bxa6
Bxf3 24.Bxf3 e4 25.c5 Qxb3 26.Rxb3 fxe3 27.Rxd7 exf2+ 28.Kf1 exf3 29.Rxf3 Bxc5
30.Rxf8+ Rxf8 31.a7 Re8

[Event "2. Bundesliga Mitte 2009/2010"]
[Site "Gleisdorf"]
[Date "2009.10.11"]
[Round "2"]
[Board "6"]
[White "Raffalt, Manfred"]
[Black "Niederwieser, Peter"]
[Result "1-0"]
[WhiteElo "2136"]
[BlackElo "2173"]
[PlyCount "121"]
[EventDate "2009.10.10"]
[EventType "team"]
[EventRounds "11"]
[EventCountry "AUT"]
[WhiteTeam "Frauental"]
[BlackTeam "Spg. Sauwald"]

1.d4 d5 2.c4 c6 3.Nc3 Nf6 4.cxd5 cxd5 5.Bf4 Nc6 6.e3 Bf5 7.Qb3 Qb6 8.Nf3 e6
9.Qxb6 axb6 10.Bb5 Nd7 11.Ne5 Ndxe5 12.Bxe5 Bb4 13.O-O O-O 14.Bc7 Na7 15.Be2 Nc8
16.Rfc1 f6 17.a3 Bd6 18.Nb5 Bxc7 19.Rxc7 Rb8 20.Rac1 Rd8 21.h3 Kf8 22.Kh2 Nd6
23.f3 Nxb5 24.Bxb5 e5 25.g4 Be6 26.f4 exf4 27.exf4 Rdc8 28.f5 Rxc7 29.Rxc7 Rc8
30.Rxb7 Rc2+ 31.Kg3 Bf7 32.Rb8+ Ke7 33.Rxb6 Rxb2 34.Rb7+ Kf8 35.Ba6 Rd2 36.Rb4
Ke7 37.a4 Ra2 38.Rb7+ Kf8 39.Bb5 Ra3+ 40.Kg2 Ra2+ 41.Kg1 Ra3 42.Kg2 Ra2+ 43.Kf1
Ra3 44.Ke1 h5 45.Kf2 h4 46.Rb8+ Ke7 47.Rh8 Rxh3 48.a5 Ra3 49.a6 h3 50.Kg1 Ra5
51.Kh2 Rxb5 52.a7 Ra5 53.a8=Q Rxa8 54.Rxa8 g6 55.Ra7+ Kf8 56.Kxh3 gxf5 57.gxf5
Bh5 58.Kg3 Ke8 59.Ra6 Ke7 60.Re6+ Kf7 61.Rd6

[Event "2. Bundesliga Mitte 2009/2010"]
[Site "Gleisdorf"]
[Date "2009.10.11"]
[Round "2"]
[Board "1"]
[White "Gonda, Laszlo"]
[Black "Mohr, Georg"]
[Result "0-1"]
[WhiteElo "2482"]
[BlackElo "2503"]
[PlyCount "74"]
[EventDate "2009.10.10"]
[EventType "team"]
[EventRounds "11"]
[EventCountry "AUT"]
[WhiteTeam "ASK St. Valentin"]
[BlackTeam "Strassenbahn Graz"]

1.d4 Nf6 2.Nf3 g6 3.c4 Bg7 4.Nc3 O-O 5.e4 d6 6.Be2 e5 7.O-O Nh5 8.g3 Bh3 9.Re1
exd4 10.Nxd4 Nf6 11.Bg5 h6 12.Be3 Nbd7 13.f3 Ne5 14.Qd2 h5 15.Bg5 Qd7 16.Nd1 c5
17.Nc2 Be6 18.b3 a6 19.Nc3 b5 20.Bxf6 Bxf6 21.f4 Nc6 22.e5 dxe5 23.Qxd7 Bxd7
24.Nd5 Bg7 25.Nb6 Rad8 26.cxb5 axb5 27.Nxd7 Rxd7 28.Bxb5 Rc8 29.fxe5 Rd2 30.Re2
Rxe2 31.Bxe2 Bxe5 32.Rd1 Nb4 33.Nxb4 cxb4 34.Bc4 Rc7 35.Kg2 Kg7 36.Rd5 Bc3
37.Ra5 Rd7

[Event "2. Bundesliga Mitte 2009/2010"]
[Site "Gleisdorf"]
[Date "2009.10.11"]
[Round "2"]
[Board "2"]
[White "Butunoi, Alexandru"]
[Black "Flumbort, Andras"]
[Result "1/2-1/2"]
[WhiteElo "2382"]
[BlackElo "2513"]
[PlyCount "77"]
[EventDate "2009.10.10"]
[EventType "team"]
[EventRounds "11"]
[EventCountry "AUT"]
[WhiteTeam "Strassenbahn Graz"]
[BlackTeam "ASK St. Valentin"]

1.e4 c5 2.d3 Nc6 3.g3 g6 4.Bg2 Bg7 5.Ne2 d6 6.O-O Nf6 7.Nd2 O-O 8.f4 Rb8 9.h3
Nd7 10.g4 b5 11.f5 c4 12.Nf3 cxd3 13.cxd3 b4 14.Rf2 Ba6 15.Nf4 Nde5 16.Be3 Nxf3+
17.Bxf3 Nd4 18.Nd5 Nc6 19.Qd2 e6 20.Rc1 exd5 21.Rxc6 Bb7 22.Rc1 Re8 23.exd5 Bxb2
24.Qxb2 Rxe3 25.Qd4 Qb6 26.Qxb6 axb6 27.Be4 Ba6 28.Rc7 Rf8 29.Rd2 gxf5 30.Bxf5
Rxh3 31.Rc6 h5 32.g5 Rg3+ 33.Rg2 Rxg2+ 34.Kxg2 Bb7 35.Rxd6 Ra8 36.Rxb6 Bxd5+
37.Kg3 Ra4 38.Bd7 Ra7 39.Bf5